Statistics for 2023 Rugby World Cup Teams.

Click here to take the quiz!

General Stats

  • This quiz has been taken 209 times
    (174 since last reset)
  • The average score is 18 of 20

Answer Stats

Nations% Correct
Australia
100%
England
100%
Scotland
99%
New Zealand
99%
Ireland
99%
South Africa
98%
Fiji
98%
France
98%
Argentina
97%
Wales
97%
Japan
95%
Italy
94%
Tonga
93%
Samoa
91%
Georgia
83%
Namibia
82%
Portugal
82%
Romania
81%
Uruguay
81%
Chile
78%

Score Distribution

Percentile by Number Answered

Percent of People with Each Score

Your Score History

You have not taken this quiz since the last reset